| 000 | 00971nam a22002417a 4500 | ||
|---|---|---|---|
| 005 | 20101206152114.0 | ||
| 008 | 101206t xxu||||| |||| 00| 0 eng d | ||
| 010 | _aENG-101769 | ||
| 020 |
_c425.00 _a0198069510 |
||
| 020 |
_c9780198069515 _a425.00 |
||
| 035 | _aEN-85302 | ||
| 037 | _bDBAD / PUB | ||
| 040 |
_adpl _bEng |
||
| 082 | 1 | 4 | _a345.5405 |
| 245 | 1 |
_aHandbook of human rights and criminal justice in India: _bthe system and procedure / _cSouth Asia Human Rights Documentation Centre |
|
| 250 | _a3rd ed | ||
| 260 |
_aNew Delhi _bOxford University Press _c2010 |
||
| 270 |
_aYMCA Library Building, Jai Singh Road _bNew Delhi _cDelhi _e110001 |
||
| 300 |
_axviii, 238p. _c24 cm (pbk) |
||
| 500 | _aIncludes bibliographical references & index. | ||
| 942 |
_adpl _cEN _2ddc _h345.5405 _mHAN |
||
| 999 |
_c48992 _d48992 |
||